Divine Empowerment of Leaders: An Intertextual Analysis of Luke's use of Joel 2, Psalm 16 and Psalm 110 in Peter's Sermon in Acts 4 (Record no. 311353)
[ view plain ]
| 000 -LEADER | |
|---|---|
| fixed length control field | 00500nam a2200133Ia 4500 |
| 008 - FIXED-LENGTH DATA ELEMENTS--GENERAL INFORMATION | |
| fixed length control field | 170221s9999 xx 000 0 und d |
| 100 ## - MAIN ENTRY--PERSONAL NAME | |
| Personal name | Edward W. Hatch |
| 245 ## - TITLE STATEMENT | |
| Title | Divine Empowerment of Leaders: An Intertextual Analysis of Luke's use of Joel 2, Psalm 16 and Psalm 110 in Peter's Sermon in Acts 4 |
| 245 ## - TITLE STATEMENT | |
| Statement of responsibility, etc | Edward W. Hatch |
| 260 ## - PUBLICATION, DISTRIBUTION, ETC. (IMPRINT) | |
| Date of publication, distribution, etc | 2012 |
| 300 ## - PHYSICAL DESCRIPTION | |
| Extent | 32 : 15 |
| 650 ## - SUBJECT ADDED ENTRY--TOPICAL TERM | |
| General subdivision | Business |
| 856 ## - ELECTRONIC LOCATION AND ACCESS | |
| Uniform Resource Identifier | <a href="http://www.regent.edu/acad/global/publications/elj/vol5iss1/ELJ_Vol5No1_Hatch_pp102-116.pdf">http://www.regent.edu/acad/global/publications/elj/vol5iss1/ELJ_Vol5No1_Hatch_pp102-116.pdf</a> |
| Withdrawn status | Lost status | Damaged status | Home library | Current library | Date acquired | Total Checkouts | Date last seen | Price effective from | Koha item type |
|---|---|---|---|---|---|---|---|---|---|
| College Library | College Library | 02/21/2017 | 02/21/2017 | 02/21/2017 | Foreign e-journal articles |